Sán dây (cestoda) ký sinh ở động vật nuôi Việt Nam
Guardat en:
| Autor principal: | |
|---|---|
| Format: | Llibre |
| Publicat: |
H.
Nxb. Khoa học kỹ thuật
1994
|
| Etiquetes: |
Afegir etiqueta
Sense etiquetes, Sigues el primer a etiquetar aquest registre!
|
| Thư viện lưu trữ: | Mạng thư viện Đại học Đà Nẵng |
|---|
| LEADER | 00808nam a2200229 4500 | ||
|---|---|---|---|
| 001 | 000013532 | ||
| 003 | 9874 | ||
| 005 | 20150812150829.0 | ||
| 008 | 120316s1994 sd | ||
| 100 | 0 | |a Nguyễn Thị Kỳ |e Tác giả | |
| 245 | 0 | 0 | |a Sán dây (cestoda) ký sinh ở động vật nuôi Việt Nam |c Nguyễn Thị Kỳ |
| 260 | |a H. |b Nxb. Khoa học kỹ thuật |c 1994 | ||
| 774 | |a Nguyễn Thị Kỳ |d Khoa học và kỹ thuật |d H. |d 1994 |g T.1 |h 183tr : hình vẽ |w 9873 | ||
| 774 | |a Nguyễn Thị Kỳ |d Khoa học và kỹ thuật |d H. |d 1995 |g T.2 |h 146tr : hình vẽ |w 9879 | ||
| OWN | |a LSP | ||
| 999 | |a From the UDN01 | ||
| TYP | |a Monograph | ||
| TYP | |a Printed language | ||
| 980 | |a Mạng thư viện Đại học Đà Nẵng | ||